Football : équipes de ligue 2 2025-2026 - Statistiques

Statistiques générales
  • Ce quiz a été pris 84 fois
  • Le résultat moyen est 14 sur 18
Statistiques - réponses
Réponse % Correct
ASSE
95%
Montpellier
89%
Stade de Reims
86%
Troyes
82%
Red Star
81%
Le Mans
80%
EA Guingamp
78%
SC Bastia
78%
USL Dunkerque
78%
AS Nancy
77%
Pau FC
77%
Grenoble
74%
US Boulogne
74%
Amiens
73%
Annecy
73%
Clermont Foot
70%
Laval
69%
Rodez
69%
Aucun quiz correspondant
Distribution des résultats
% des personnes avec chaque résultat
Percentile par nombre de réponses
Votre historique - résultats
Vous n’avez pas pris ce quiz